Belgian subdivisions revealing others on a map - Statistics

General Stats
  • This quiz has been taken 89 times
  • The average score is 27 of 57
Answers on the Map
Answers color-coded by a green-red scale on the quiz's map according to % correct below.
 
Answer Stats
type of subdivision suvdivision % Correct
arrondissement Brussel-Capital
99%
region Brussels-Capital
99%
province Brussels-Capital
99%
region Flanders
89%
region Wallonia
86%
province Antwerp
84%
arrondissement Antwerp
84%
province Liège
80%
arrondissement Liège
80%
province Luxemburg
77%
arrondissement Ghent
76%
province Namur
76%
arrondissement Namur
76%
province East Flanders
73%
province Limburg
73%
arrondissement Bruges
71%
province Hainaut
71%
province West Flanders
71%
arrondissement Leuven
66%
arrondissement Ostend
66%
province Flemish Brabant
64%
arrondissement Charleroi
57%
arrondissement Mons
56%
province Walloon Brabant
56%
arrondissement Hasselt
54%
arrondissement kortrijk
54%
arrondissement Arlon
51%
arrondissement Mechelen
50%
arrondissement Aalst
47%
arrondissement Ypres
41%
arrondissement Sint-Niklaas
39%
arrondissement Dinant
36%
arrondissement Tournai-Mouscron
36%
arrondissement Turnhout
31%
arrondissement Roeselare
30%
arrondissement Tongeren
30%
arrondissement Verviers
30%
arrondissement Halle-Vilvoorde
29%
arrondissement Dendermonde
27%
arrondissement Diksmuide
26%
arrondissement Oudenaarde
26%
arrondissement Bastogne
24%
arrondissement Veurne
24%
arrondissement La Louvière
23%
arrondissement Eeklo
21%
arrondissement Tielt
21%
arrondissement Marche-en-Famenne
20%
arrondissement Huy
17%
arrondissement Maaseik
17%
arrondissement Virton
17%
arrondissement Ath
16%
arrondissement Nivelles
14%
arrondissement Philippeville
14%
arrondissement Neufchâteau
13%
arrondissement Waremme
13%
arrondissement Thuin
9%
arrondissement Soignies
7%
No matching quizzes found
Score Distribution
Percent of People with Each Score
Percentile by Number Answered
Your Score History
You have not taken this quiz